000 00340nam a2200145Ia 4500
003 Ost
005 20260225132538.0
008 260225s9999||||xx |||||||||||||| ||und||
040 _cfsic
041 _afre
082 _a327.09
245 0 _aLa communication monde :
245 0 _bhistoire des idées et des stratégies /
942 _cكتاب
999 _c33350
_d33350